<?xml version="1.0" encoding="UTF-8"?>
<record
    xmlns:xsi="http://www.w3.org/2001/XMLSchema-instance"
    xsi:schemaLocation="http://www.loc.gov/MARC21/slim http://www.loc.gov/standards/marcxml/schema/MARC21slim.xsd"
    xmlns="http://www.loc.gov/MARC21/slim">

  <leader>04705nam a2200397 a 4500</leader>
  <controlfield tag="003">CHAP</controlfield>
  <controlfield tag="005">20240529175801.0</controlfield>
  <controlfield tag="007">ta</controlfield>
  <controlfield tag="008">231023s2020    mx ado|fom||| 001 0 spa d</controlfield>
  <datafield tag="040" ind1=" " ind2=" ">
    <subfield code="e">rda</subfield>
  </datafield>
  <datafield tag="041" ind1=" " ind2=" ">
    <subfield code="a">spa</subfield>
    <subfield code="b">eng</subfield>
  </datafield>
  <datafield tag="100" ind1="1" ind2=" ">
    <subfield code="9">188180</subfield>
    <subfield code="a">Ram&#xED;rez Rojas, Jairo Omar</subfield>
  </datafield>
  <datafield tag="240" ind1="1" ind2="0">
    <subfield code="a">Physicochemical characterization of custard apple seed gum (Annona cherimola Mill).</subfield>
    <subfield code="l">Espa&#xF1;ol</subfield>
  </datafield>
  <datafield tag="245" ind1="1" ind2="0">
    <subfield code="a">Caracterizaci&#xF3;n fisicoqu&#xED;mica de goma de semilla de chirimoya (Annona cherimola Mill) / </subfield>
    <subfield code="c">Jairo Omar Ram&#xED;rez Rojas</subfield>
  </datafield>
  <datafield tag="264" ind1=" " ind2=" ">
    <subfield code="a">Chapingo, M&#xE9;xico :</subfield>
    <subfield code="b">El autor,</subfield>
    <subfield code="c">2020</subfield>
  </datafield>
  <datafield tag="300" ind1=" " ind2=" ">
    <subfield code="a">1 recurso en l&#xED;nea (ix,57 p&#xE1;ginas) :</subfield>
    <subfield code="b">ilustraciones, tablas, gr&#xE1;ficas, fotos</subfield>
  </datafield>
  <datafield tag="336" ind1=" " ind2=" ">
    <subfield code="2">rdacontent</subfield>
    <subfield code="a">texto</subfield>
    <subfield code="b">txt</subfield>
  </datafield>
  <datafield tag="337" ind1=" " ind2=" ">
    <subfield code="2">rdamedia</subfield>
    <subfield code="a">computadora</subfield>
    <subfield code="b">c</subfield>
  </datafield>
  <datafield tag="338" ind1=" " ind2=" ">
    <subfield code="2">rdacarrier</subfield>
    <subfield code="a">recurso en l&#xED;nea</subfield>
    <subfield code="b">cr</subfield>
  </datafield>
  <datafield tag="502" ind1=" " ind2=" ">
    <subfield code="a">Tesis</subfield>
    <subfield code="b">MCTA</subfield>
    <subfield code="c">Agroindustrias</subfield>
    <subfield code="d">2020</subfield>
    <subfield code="g">MAE</subfield>
  </datafield>
  <datafield tag="504" ind1=" " ind2=" ">
    <subfield code="a">Incluye bibliograf&#xED;as</subfield>
  </datafield>
  <datafield tag="520" ind1="3" ind2=" ">
    <subfield code="a">Goma de chirimoya (GSC) se extrajo de semillas de Annona cherimolla Mill. (rendimiento de 10.81 &#xB1; 0.20 % p/p) y sus propiedades fisicoqu&#xED;micas, t&#xE9;rmicas, reol&#xF3;gicas y microestructurales se investigaron. El an&#xE1;lisis qu&#xED;mico mostr&#xF3; que la GSC, en base seca, consisti&#xF3; principalmente de 49.84 &#xB1; 0.04 % carbohidratos, 43.06 &#xB1; 0.84 % prote&#xED;na, 6.81 &#xB1; 0.09 % cenizas y 0.29 &#xB1; 0.01 % l&#xED;pidos. El espectro FTIR indic&#xF3; que CSG est&#xE1; compuesta por &#x3B1;-D manopiranosa y &#x3B2;-Dgalactopiranosa. Los valores de potencial &#x3B6; de GSC fueron negativos en el rango de pH de 3.0 a 9.0. El comportamiento de flujo de dispersiones acuosas de GSC, independientemente del pH, y la concentraci&#xF3;n de goma y sacarosa, se caracteriz&#xF3; por curvas de viscosidad aparente-tasa de corte que exhibieron cuatro regiones: una regi&#xF3;n inicial de meseta correspondiente al comportamiento newtoniano a tasas de corte entre 0.02 y 0.07 s-1, una regi&#xF3;n reo-adelgazante no newtoniana a tasas de corte aproximadamente entre 0.1 y 10 s-1; seguida de una regi&#xF3;n donde la viscosidad aparente tendi&#xF3; al infinito (10 y 100 s-1), y finalmente un comportamiento reo-espesante a tasas de corte superiores a 100 s-1. El modelo de Herschel-Bulkley (R2 &gt; 0.90) describi&#xF3; las propiedades de flujo de las dispersiones de GSC. La solubilidad de GSC increment&#xF3; significativamente a valores de pH alcalino, mientras que su tama&#xF1;o de part&#xED;cula disminuy&#xF3; de 1236 &#xB1; 37.04 nm at pH 3.0 a 460.93 &#xB1; 10.62 nm at pH 9.0. GSC mostr&#xF3; estabilidad t&#xE9;rmica a temperaturas m&#xE1;s altas (aproximadamente 200 &#xB0;C) que aquellas com&#xFA;nmente usadas en diversas aplicaciones industriales de gomas.</subfield>
  </datafield>
  <datafield tag="520" ind1="3" ind2=" ">
    <subfield code="a">Custard apple (Annona cherimola Mill.) gum (CSG) was extracted from seeds (yield of 10.81 &#xB1; 0.20% w/w), and its physicochemical, thermal, rheological and microstructural properties were investigated. Chemical analysis showed that CSG in dry basis mainly consisted of 49.84 &#xB1; 0.04 % carbohydrates, 43.06 &#xB1; 0.84 % protein, 6.81 &#xB1; 0.09 % ash, and 0.29 &#xB1; 0.01 % lipid. FTIR spectrum indicated that CSG is composed of &#x3B1;-D-manopiranose and &#x3B2;-D-galactopiranose. &#x3B6;-potential values of the CSG were negative in the pH range of 3.0 to 9.0. Flow behavior of CSG aqueous dispersions, independent of the pH and concentration of gum and sucrose, was characterized by curves of apparent viscosity-shear rate exhibiting four distinctive regions: an initial plateau region corresponding to Newtonian behavior at shear rates between 0.02 and 0.07 s-1, a non-Newtonian shear thinning region at shear rates approximately between 0.1 and 10 s-1, followed by a region where apparent viscosity tended to infinity between 10 and 100 s-1, and finally a shear thickening behavior at shear rates greater than 100 s-1. Herschel- Bulkley model (R2 &gt; 0.90) described the flow properties of the CSG dispersions. Solubility of CSG significantly increased at alkaline pH values, while its particle size diminished from 1236 &#xB1; 37.04 nm at pH 3.0 to 460.93 &#xB1; 10.62 nm at pH 9.0. CSG showed thermal stability at higher temperatures (around 200 &#xB0;C) than those commonly used in diverse industrial applications of vegetable gums</subfield>
  </datafield>
  <datafield tag="650" ind1="1" ind2="3">
    <subfield code="9">161039</subfield>
    <subfield code="a">Annona cherimola</subfield>
  </datafield>
  <datafield tag="650" ind1="1" ind2="3">
    <subfield code="9">188191</subfield>
    <subfield code="a">Chirimoyas</subfield>
  </datafield>
  <datafield tag="650" ind1="1" ind2="3">
    <subfield code="9">157908</subfield>
    <subfield code="a">Gomas  </subfield>
  </datafield>
  <datafield tag="650" ind1="1" ind2="3">
    <subfield code="9">139393</subfield>
    <subfield code="a">Propiedades fisicoqu&#xED;micas</subfield>
  </datafield>
  <datafield tag="650" ind1="1" ind2="3">
    <subfield code="9">188192</subfield>
    <subfield code="a">Cherimoyas</subfield>
  </datafield>
  <datafield tag="650" ind1="1" ind2="3">
    <subfield code="9">157909</subfield>
    <subfield code="a">Plant gums</subfield>
  </datafield>
  <datafield tag="650" ind1="1" ind2="3">
    <subfield code="9">147535</subfield>
    <subfield code="a">Physicochemical properties  </subfield>
  </datafield>
  <datafield tag="700" ind1="1" ind2=" ">
    <subfield code="9">151494</subfield>
    <subfield code="a">Lobato Calleros, Consuelo Silvia Olivia</subfield>
    <subfield code="e">directora</subfield>
  </datafield>
  <datafield tag="700" ind1="1" ind2=" ">
    <subfield code="9">49793</subfield>
    <subfield code="a">G&#xF3;mez Maldonado, Deysi</subfield>
    <subfield code="e">asesora</subfield>
  </datafield>
  <datafield tag="700" ind1="1" ind2=" ">
    <subfield code="9">161439</subfield>
    <subfield code="a">Hern&#xE1;ndez Rodr&#xED;guez, Blanca Elizabeth</subfield>
    <subfield code="e">asesor</subfield>
  </datafield>
  <datafield tag="856" ind1="4" ind2="0">
    <subfield code="y">DESCARGAR PDF</subfield>
    <subfield code="u">http://10.13.5.2/tesis/tm/2020_IA_Ramirez_Rojas_JairoOmar.pdf</subfield>
  </datafield>
  <datafield tag="942" ind1=" " ind2=" ">
    <subfield code="2">Clasificaci&#xF3;n Universidad Aut&#xF3;noma Chapingo</subfield>
    <subfield code="c">TD</subfield>
  </datafield>
  <datafield tag="999" ind1=" " ind2=" ">
    <subfield code="c">219309</subfield>
    <subfield code="d">219309</subfield>
  </datafield>
  <datafield tag="952" ind1=" " ind2=" ">
    <subfield code="0">0</subfield>
    <subfield code="1">0</subfield>
    <subfield code="2">local</subfield>
    <subfield code="4">0</subfield>
    <subfield code="7">0</subfield>
    <subfield code="8">TesDigM</subfield>
    <subfield code="a">IA_</subfield>
    <subfield code="b">IA_</subfield>
    <subfield code="c">E_L</subfield>
    <subfield code="d">2023-10-23</subfield>
    <subfield code="e">El autor</subfield>
    <subfield code="l">0</subfield>
    <subfield code="p">1201013802</subfield>
    <subfield code="r">2023-10-23 00:00:00</subfield>
    <subfield code="w">2023-10-23</subfield>
    <subfield code="y">TD</subfield>
  </datafield>
  <datafield tag="952" ind1=" " ind2=" ">
    <subfield code="0">0</subfield>
    <subfield code="1">0</subfield>
    <subfield code="2">local</subfield>
    <subfield code="4">0</subfield>
    <subfield code="7">0</subfield>
    <subfield code="8">TesDigM</subfield>
    <subfield code="a">BD</subfield>
    <subfield code="b">BD</subfield>
    <subfield code="c">E_L</subfield>
    <subfield code="d">2024-05-29</subfield>
    <subfield code="l">0</subfield>
    <subfield code="o">Tesis digital</subfield>
    <subfield code="r">2024-05-29 00:00:00</subfield>
    <subfield code="w">2024-05-29</subfield>
    <subfield code="y">TD</subfield>
  </datafield>
</record>
